000 00577nam a2200229Ia 4500
003 OSt
005 20220918192811.0
006 a|||||r|||| 00| 0
007 ta
008 220917b |||||||| |||| 00| 0 eng d
024 _a70,375
037 _cTextual
040 _aARTS
_cARTS
_beng
041 _2eng
_aeng
082 _aR37, M0
100 _aSen Karabi
_980225
245 0 _aValues and their significance
260 _aCalcutta
_bUniv of Burdwan
_c1980
300 _a266p.
_ccm.
942 _hR37, M0
_cTEXL
_2CC
999 _c196473
_d196473